Исследование нефтенасыщенных коллекторов с аномальными промыслово-геофизическими характеристиками: Отчет о НИР; Тема: х/д 3-40/89

Dades bibliogràfiques
Autor corporatiu: Томский политехнический институт (ТПИ) (595)
Altres autors: Волощук Г. М. (руководитель), Либина В.Ф. (исполнитель)
Idioma:rus
Publicat: Томск, 1989
Matèries:
Format: Llibre
KOHA link:https://koha.lib.tpu.ru/cgi-bin/koha/opac-detail.pl?biblionumber=152716

MARC

LEADER 00000nbm0a2200000 4500
001 152716
005 20231031151123.0
035 |a (RuTPU)RU\TPU\book\165577 
090 |a 152716 
100 |a 20090204d1989 k y0rusy50 ca 
101 0 |a rus 
102 |a RU 
105 |a a p 001zy 
200 1 |a Исследование нефтенасыщенных коллекторов с аномальными промыслово-геофизическими характеристиками  |e Отчет о НИР  |e Тема: х/д 3-40/89  |f Томский политехнический институт (ТПИ) ; руководитель Г. М. Волощук ; В.Ф. Либина 
210 |a Томск  |d 1989 
215 |a 41 л. 
320 |a Библиогр.: с. 39-41. 
610 1 |a отчеты о НИР 
610 1 |a нефтяные контакты 
610 1 |a концентрация 
610 1 |a сульфиды 
610 1 |a удельное электрическое сопротивление 
610 1 |a вызванная поляризация 
675 |a 552.578.2.061.4:550.83(04)  |v 3 
702 1 |a Волощук  |b Г. М.  |4 673 
702 1 |a Либина  |b В.Ф.  |4 677 
712 0 2 |a Томский политехнический институт (ТПИ)  |c (1944-1991)  |2 stltpush  |3 (RuTPU)RU\TPU\col\1123  |4 595 
801 1 |a RU  |b 63413507  |c 20090204  |g PSBO 
801 2 |a RU  |b 63413507  |c 20090204  |g PSBO 
942 |c BK